01107nam a2200313Ia 4500001000600000003000500006008004100011010001100052040000900063082001800072100004000090245019900130260008200329300001000411440000500421500000500426503000500431650009200436650003200528650003700560650003300597901001800630902000600648910000900654942000600663942000700669999001900676952009800695Z_149CHAP220113s1989 xx 000 0 und d a163121 cCHAP a338.173492 F51 aFlores Verduzco, Juan José941784 aSistema agroindustrial de producción intensiva de carne y huevo en Jalisco, tendencias recientes, problemática y alternativas: proyecto de investigación /cpor Juan José Flores Verduzco aGuadalajara, Jal. :bUACH. Centro Regional Universitario de Occidente,c1989 a83 p. a a a aAcuiculturaxJalisco I. UACH. Centro Regional Universitario de Occidente II. t.9137366 aCarnexProducción 919109 aGanado de carnexJalisco 945089 aHuevosxProducción 956759 a338.173492 F5 aA a1989 c1 cc1 c163121d163121 00102ddc40708GRALaZbZc3d2005-11-09pz_0634r2022-01-18 00:00:00t1w2022-01-18yLIBRO